| 000 | 00616nam a2200181Ia 4500 | ||
|---|---|---|---|
| 008 | 100917s9999 xx 000 0 und d | ||
| 082 | _b25327 | ||
| 100 | _aसलीम अली , व लईक फतेह अली , सोवनी रा. वि. | ||
| 245 | _aभारतीय पक्षी | ||
| 260 |
_bनॅशनल बुक ट्रस्ट इंडिया _c1969 |
||
| 300 | _a121 | ||
| 365 | _b9 | ||
| 520 | _aसृ. प. वि. | ||
| 630 | _aभारतीय पक्षी | ||
| 650 | _aसृ. प. वि. | ||
| 730 | _aभारतीय पक्षी | ||
| 942 | _cBOOK | ||
| 999 |
_c630721 _d630718 |
||